Минералого-технологическая классификация висмутоносных руд месторождений Средней Азии; Обогащение руд цветных металлов и золота

Detaylı Bibliyografya
Parent link:Обогащение руд цветных металлов и золота.— 1971.— С. 8-18
Yazar: Кузьмина Р. Н.
Diğer Yazarlar: Нестеров В. Г.
Dil:Rusça
Baskı/Yayın Bilgisi: 1971
Materyal Türü: Kitap Bölümü
KOHA link:https://koha.lib.tpu.ru/cgi-bin/koha/opac-detail.pl?biblionumber=217429

MARC

LEADER 00000naa2a2200000 4500
001 217429
005 20231031194521.0
035 |a (RuTPU)RU\TPU\book\237423 
035 |a RU\TPU\book\237421 
090 |a 217429 
100 |a 20120605d1971 k y0rusy50 ca 
101 0 |a rus 
102 |a UZ 
200 1 |a Минералого-технологическая классификация висмутоносных руд месторождений Средней Азии  |f Р. Н. Кузьмина, В. Г. Нестеров 
463 0 |0 (RuTPU)RU\TPU\book\237371  |t Обогащение руд цветных металлов и золота  |o сборник научных трудов  |f Среднеазиатский научно-исследовательский и проектный институт цветной металлургии  |v С. 8-18  |d 1971  |p 180 с.  |s Научные труды ; № 3 
700 1 |a Кузьмина  |b Р. Н. 
701 1 |a Нестеров  |b В. Г. 
801 1 |a RU  |b 63413507  |c 20120605 
801 2 |a RU  |b 63413507  |c 20120605  |g RCR 
942 |c BK